Optical fiber communications : Principles and practice

Salvato in:
Dettagli Bibliografici
Autore principale: Senior, John M (Autore)
Natura: Libro
Lingua:inglese
Pubblicazione: Engl. Cliffs : Prentice Hall, 1985
Edizione:1.vyd.
Soggetti:
Tags: Aggiungi Tag
Nessun Tag, puoi essere il primo ad aggiungerne!!

MARC

LEADER 00000nam a22000003a 4500
001 stu85971
005 20150617225634.0
008 040421s1985----xxu-----------------eng-d
040 |a STU  |b slo 
041 0 |a eng 
044 |a xxu 
080 |a 621.391.63 
080 |a 621.383 
080 |a 681.7.068 
084 |a A4280S  |2 INS 
084 |a A4281  |2 INS 
084 |a B6260  |2 INS 
084 |a B4125  |2 INS 
084 |a B4130  |2 INS 
100 1 |a Senior, John M  |4 aut 
245 1 |a Optical fiber communications :  |b Principles and practice 
250 |a 1.vyd. 
260 |a Engl. Cliffs :  |b Prentice Hall,  |c 1985 
300 |a 558 s 
650 7 |a optické komunikácie  |2 stusub 
650 7 |a optické vlákna  |2 stusub 
650 7 |a vláknová optika  |2 stusub 
650 7 |a optoelektronika  |2 stusub 
996 |b E59196  |c E*59196  |l EE11  |s P  |a 0  |w stu85971_0002